000 00817pam a2200241 a 4500
999 _c4233
_d4233
003 ALUPE UNIVERSITY COLLEGE
005 20220321084647.0
008 910220s1991 paua b 001 0 eng c
020 _a1563750058
040 _cALUPE UNIVERSITY COLLEGE
050 1 0 _aRC951
_b.B35 1991
060 _aWE 800 B168r
100 1 _aBaker, Nancy D.
245 1 0 _aRadiology of the extremities /
_cNancy Baker.
260 _aPhiladelphia :
_bLippincott ;
_aNew York :
_bGower Medical Pub.,
_cc1991.
300 _a1 v. (various pagings) :
_bill. (some col.) ;
_c26 cm.
504 _aIncludes bibliographical references and index.
650 0 _aExtremities
_xRadiography.
650 2 _aExtremities
_xradiography.
906 _a7
_bcbc
_corignew
_d1
_eocip
_f19
_gy-gencatlg
942 _2lcc
_cBK